| 000 | 01746nam a2200349 c 4500 | ||
|---|---|---|---|
| 001 | 000048449 | ||
| 003 | DO-SdBNP | ||
| 005 | 20240725104412.0 | ||
| 007 | ta | ||
| 008 | 190321s2015 dr 000 0 spa d | ||
| 020 | _a978994508412 | ||
| 040 |
_aDO-SdBNP _bspa _cBNPHU _erda |
||
| 082 |
_a325.246097293 _bC343v,2015 _222 |
||
| 100 | 1 |
_aCassá Bernaldo de Quirós, Constancio _eautor _975865 |
|
| 245 | 1 | 0 |
_aVida y labor revolucionaria de una republicana española exiliada en República Dominicana / _cConstancio Cassá Bernaldo de Quirós,. |
| 264 |
_aSanto Domingo : _bPubliguías, _c2015. |
||
| 300 |
_a139 páginas ; _c24 cm. |
||
| 336 |
_2rdacontent _atexto _btxt |
||
| 337 |
_2rdamedia _asin mediación _bn |
||
| 338 |
_2rdacarrier _avolumen _bnc |
||
| 500 | _a Incluye índicie onomástico | ||
| 505 | 0 |
_aIntroducción -- _tPresentación -- _tGuerra Civil Española -- _tEnxilio en Francia -- _tExilio en República Dominicana -- _tMin nuevo país y las actividades políticas durante el régimen trujillista -- _tActividades políticas luego de la muerte de Trujillo -- _tPrimer gobierno democrático -- _tEl Triunvirato -- _tGuerra de Abril de 1965 -- _tActividades políticas pots Guerra de Abril. Los doce años de Balaguer -- _tReconocimientos y mis últimos años -- _tÍndice onomásticos. |
|
| 590 | _aInventariado, 2019/VM | ||
| 650 | 4 |
_aExpatriación _zEspaña _964148 |
|
| 650 | 4 |
_aRefugiados políticos _953944 |
|
| 651 | 4 |
_aRepública Dominicana _xEmigración E Inmigración _9290 |
|
| 651 | 4 |
_aEspaña _xEmigración E Inmigración _96797 |
|
| 651 | 4 |
_aEspaña _xHistoria _yGUERRA CIVIL, 1936-1939 _93531 |
|
| 651 | 4 |
_aEspañoles En República Dominicana _975866 |
|
| 910 | _aValidado. Control de calidad. EMS | ||
| 942 |
_2ddc _cLBS1 |
||
| 999 |
_c47937 _d47937 |
||